Угадай аниме по кадру №4 - Statistics

General Stats
  • This quiz has been taken 18 times
  • The average score is 9 of 20
Answer Stats
Picture Answer % Correct
"Звёздное дитя" / "Oshi no Ko"
85%
"Блич" / "Bleach"
77%
"Монстр" / "Monster"
69%
"Твоё имя" / "Your Name"
69%
"Драконий Жемчуг" / "Dragon Ball"
62%
"Паразит: Учение о жизни" / "Parasyte"
62%
"Сага о Винланде" / "Vinland Saga"
62%
"Когда плачут цикады" / "Higurashi when they cry"
54%
"Арифурэта: Сильнейший ремесленник в мире" / "Arifureta: From Commonplace to World's Strongest"
38%
"Дюрарара!!" / "Durarara!!"
38%
"Первый шаг" / "Fighting Spirit"
38%
"Афросамурай" / "Afro Samurai"
31%
"Чудачество любви не помеха" / "Love, Chunibyo and Other Delusions"
31%
"Бог старшей школы" / "The God of Highscool"
31%
"Ёна на заре" / "Yona on the Dawn"
31%
"Мелочи жизни" / "Nichijou: My ordinary life"
23%
"Ронья, дочь разбойника" / "Ronja, the Robber's Daughter"
23%
"Ученик чудовища" / "The Boy and the Beast"
23%
"Ох уж этот экстрасенс Сайки Кусуо" / "The Disastrous Life of Saiki Kusuo"
23%
"Торико" / "Toriko"
23%
No matching quizzes found
Score Distribution
Percent of People with Each Score
Percentile by Number Answered
Your Score History
You have not taken this quiz